000 00385nam a2200133Ia 4500
008 211119s9999||||xx |||||||||||||| ||und||
082 _a823 09
_bTWA-M
100 _aTwain, Mark
245 0 _aMark Twaininte Athmakatha
260 _bMathrubhumi Books
_a2010
_cKottayam
300 _a86p.
650 _aEnglish Literature
_vEnglish fictionEconomics
_xPGR-GANDHIAN STUDIES
942 _cBOOK
999 _c112279
_d112279